000
00309nam a22001457a 4500
008
210527b ||||| |||| 00| 0 eng d
020
_a
0195024699
041
_a
eng
080
_2
3rd
_a
94
082
_a
94
100
_a
16
101
_a
SHH
245
_a
American Vistas
_c
Dinnerstein,L
942
_2
udc
_c
BK
999
_c
57754
_d
57754